Obálka Náhled e-knihy:
PDF
Pro půjčování e-knih musíte být přihlášeni.
Jak si půjčit online?

Percy Jackson. Zloděj blesku /

Bohatě ilustrované vydání fantasy románu, jehož hlavním hrdinou je dvanáctiletý Percy Jackson, syn jednoho z řeckých bohů.

Uloženo v:
Série:Percy Jackson, část 1
Hlavní autor: Riordan, Rick, 1964- (Autor)
Další autoři: Rocco, John, 1967- (Autor), Chodilová, Dana, 1964- (Ilustrátor)
Médium: E-kniha
Jazyk:Czech
Vydáno: V Praze : Fragment, 2019
Vydání:1. [ilustrované] vydání
Témata:
Příbuzné jednotky:Z cyklu:: Percy Jackson
Tagy:
Žádné tagy
LEADER 03095nam a2200541 i 4500
001 311092
003 CZ PrSKC
005 20260601215659.0
007 ta
008 191002s2019 xr a c 000 f cze
015 |a cnb003136753 
020 |a 9788025344064  |q (vázáno) 
035 |a (OCoLC)1130278692 
040 |a ABG001  |b cze  |d ABA001  |e rda 
041 1 |a cze  |h eng 
072 7 |a 821.111(73)-3  |x Americká próza  |2 Konspekt 
072 7 |a 821-93  |x Literatura pro děti a mládež (beletrie)  |2 Konspekt 
080 |a 821.111(73)-31  |2 MRF 
080 |a 821-93  |2 MRF 
080 |a (0:82-312.9)  |2 MRF 
100 1 |a Riordan, Rick,  |d 1964-  |7 xx0103318  |4 aut 
240 1 0 |a Lightning thief.  |l Česky 
245 1 0 |a Percy Jackson.  |p Zloděj blesku /  |c Rick Riordan ; ilustroval John Rocco ; z anglického originálu The lightning thief, the illustrated edition přeložila Dana Chodilová 
246 3 0 |a Zloděj blesku 
250 |a 1. [ilustrované] vydání 
264 1 |a V Praze :  |b Fragment,  |c 2019 
300 |a 234 stran :  |b barevné ilustrace ;  |c 30 cm 
336 |a text  |b txt  |2 rdacontent 
336 |a statický obraz  |b sti  |2 rdacontent 
337 |a bez média  |b n  |2 rdamedia 
338 |a svazek  |b nc  |2 rdacarrier 
520 2 |a Bohatě ilustrované vydání fantasy románu, jehož hlavním hrdinou je dvanáctiletý Percy Jackson, syn jednoho z řeckých bohů.  |b Percy si až do svých dvanácti let připadal jako docela normální kluk, který se jen častěji dostává do potíží. Když se však jeho učitelka matematiky promění v krvelačnou obludu s netopýřími křídly a Percy zjistí, že má jeho nejlepší kamarád místo nohou kopyta, je mu jasné, že tak docela normální nebude. Řecká historie ožívá a Percy se setkává s dalšími polokrevnými - potomky bohů. Netuší, že na něj mají nejmocnější bohové spadeno a podezřívají jej z krádeže Diova mistrovského blesku. Pokud si však chce zachránit vlastní kůži, nezbývá mu než mocnou zbraň najít a vrátit na Olymp. Na splnění úkolu mají Percy a jeho přátelé jen deset dní a čas rychle běží. 
521 8 |a Pro čtenáře od 11 let 
655 7 |a americké romány  |7 fd131796  |2 czenas 
655 7 |a fantasy romány  |7 fd184199  |2 czenas 
655 7 |a publikace pro mládež  |7 fd133157  |2 czenas 
655 9 |a American fiction  |2 eczenas 
655 9 |a fantasy novels  |2 eczenas 
655 9 |a juvenile literature  |2 eczenas 
700 1 |a Rocco, John,  |d 1967-  |7 xx0240318  |4 ill 
700 1 |a Chodilová, Dana,  |d 1964-  |7 xx0017374  |4 trl 
787 0 8 |i Z cyklu:  |t Percy Jackson  |g 1 
900 |a ABA001  |b 21 
928 9 |a Albatros Media - Fragment 
044 |a xr 
910 |a RBIT002 
998 |d 201774  |a https://core.palmknihy.cz/api/books/201774/cover?pz051m  |b https://core.palmknihy.cz/api/books/201774/cover/400?pz051m  |c https://core.palmknihy.cz/api/books/201774/cover/50?pz051m  |e 2027-01-20  |g 240  |i 9788025344064  |k https://core.palmknihy.cz/api/books/201774/preview.pdf  |l   |q 49  |r 1  |s https://www.palmknihy.cz/kniha/201774  |t ebook  |y 2019  |z 0  |v Percy Jackson - ilustrované vydání  |w 1 
999 |d 311090